Top 15 Contributors to the United Nations Countries - Statistics

General Stats
  • This quiz has been taken 246 times
  • The average score is 14 of 15
Answer Stats
% of UN Budget Country % Correct
22.000% United States of America
99%
5.593% France
98%
5.148% China
96%
7.141% Germany
96%
10.833% Japan
96%
2.438% Russia
96%
5.179% United Kingdom
96%
2.973% Spain
94%
2.984% Canada
93%
4.448% Italy
93%
2.934% Brazil
90%
2.074% Australia
89%
1.842% Mexico
81%
1.994% South Korea
76%
1.654% The Netherlands
66%
No matching quizzes found
Score Distribution
Percent of People with Each Score
Percentile by Number Answered
Your Score History
You have not taken this quiz